000
00297nam a22001337a 4500
008
180115b xxu||||| |||| 00| 0 eng d
020
_a
9780230206021
041
_a
eng
080
_a
32
100
_a
39
101
_a
POL
245
_a
THE STATESMAN YEARBOOK 2010
_c
BARRY.T
942
_2
udc
_c
BK
999
_c
40235
_d
40235